000 00823nmm a2200265 a 4500
001 ocm000593469
003 TR-IsHL
005 20201028132954.0
008 131121s2003 tu tur
007 cr cn
020 _a9789757270270
035 _a593469
_b(N$T)
050 0 4 _aP90
_b.E45 2003
090 0 4 _aP90
_b.E45 2003
100 1 _aEmir, İsmet Yazıcı
245 1 0 _aKitle iletişimde imaj
_h[electronic resource] /
_cİsmet Yazıcı Emir
260 _aİstanbul :
_bİm Yayın Tasarım,
_c2003
300 _a174 p.
650 4 _aMedya ve İletişim
650 4 _aCommunication & Media
650 0 _aKitle iletişim
650 0 _aMass media
650 7 _aSOCIAL SCIENCE / Media Studies
_2bisacsh
856 4 0 _uhttp://search.ebscohost.com/login.aspx?direct=true&scope=site&db=e011xww&AN=593469
999 _c5385
_d5385